Učitavanje...
Blindness of insight : essays on caste in modern India /
| Glavni autor: | |
|---|---|
| Format: | Printed Book |
| Izdano: |
India :
Navayana,
2006.
|
| LEADER | 00465nam a22001217a 4500 | ||
|---|---|---|---|
| 020 | |a 9788189059071 | ||
| 082 | |a 305.51220954 |b DIL.B | ||
| 100 | |a Dilip, M Menon | ||
| 245 | |a Blindness of insight : |b essays on caste in modern India / |c by Dilip, M Menon | ||
| 260 | |a India : |b Navayana, |c 2006. | ||
| 942 | |c BK | ||
| 999 | |c 301800 |d 301800 | ||
| 952 | |0 0 |1 0 |4 0 |6 305_512209540000000_DIL_B |7 0 |8 NFIC |9 322337 |a POL |b POL |c GEN |d 2020-10-06 |l 0 |o 305.51220954 DIL.B |p POL17318 |r 2020-10-06 |w 2020-10-06 |y BK | ||